| 000 | 00635nam a22002177a 4500 | ||
|---|---|---|---|
| 003 | 0 | ||
| 005 | 20240111095812.0 | ||
| 008 | 240111b xxu||||| |||| 00| 0 eng d | ||
| 020 | _a978-1-5264-9732-1 | ||
| 050 |
_aPN 4731 _bT66 2022 |
||
| 082 |
_aPN 4731 _bT66 2022 |
||
| 100 | _aTong, Jingrong | ||
| 245 |
_aJournalism in the data age _cJingrong Tong |
||
| 260 |
_aLondon _bSage Publications Ltd _cc2022. |
||
| 300 |
_avii, 222 pages ; _c24cm. |
||
| 504 | _aIncludes bibliographical references and index. | ||
| 650 | _aJournalism. | ||
| 650 | _aInformation society. | ||
| 650 | _aDigital communications. | ||
| 942 |
_2lcc _cBK |
||
| 999 |
_c365846 _d365846 |
||